skbl

Dr Suryya Kumar Bhuyan Library Web-OPAC
ডঃ সূৰ্য্য
কুমাৰ ভূঞা পুথিভঁৰাল ৱেব-অ'পেক

All Research Scholars are advised to clear the annual library fees to continue using Library Resources, Remote Access, Plagiarism Test and Library Clearance.

Cotton University Book Fair 2026

Introduction to Macromolecular Science / (Record no. 6352)

MARC details
000 -LEADER
fixed length control field 00609nam a2200217Ia 4500
001 - CONTROL NUMBER
control field 6365
008 - FIXED-LENGTH DATA ELEMENTS--GENERAL INFORMATION
fixed length control field 140602s 198 ii a g b000 u 465 u
020 ## - INTERNATIONAL STANDARD BOOK NUMBER
International Standard Book Number 0-471-57389-2
082 ## - DEWEY DECIMAL CLASSIFICATION NUMBER
Classification number 540
100 ## - MAIN ENTRY--PERSONAL NAME
Personal name Munk, Petr .
245 #0 - TITLE STATEMENT
Title Introduction to Macromolecular Science /
Statement of responsibility, etc. Petr Munk.
Medium Textual Documents
250 ## - EDITION STATEMENT
Edition statement 1st ed. /
260 ## - PUBLICATION, DISTRIBUTION, ETC.
Place of publication, distribution, etc. New York :
Name of publisher, distributor, etc. John Wiley & Sons ,
Date of publication, distribution, etc. C 1989.
300 ## - PHYSICAL DESCRIPTION
Extent xv, 522p. :
Other physical details ill. ;
Dimensions 23cm .
500 ## - GENERAL NOTE
General note Acc No 492/Che Shifted from PG Section
504 ## - BIBLIOGRAPHY, ETC. NOTE
Bibliography, etc. note Index
653 ## - INDEX TERM--UNCONTROLLED
Uncontrolled term Chemistry-Micromolecule
653 ## - INDEX TERM--UNCONTROLLED
Uncontrolled term PG-Chemistry
653 ## - INDEX TERM--UNCONTROLLED
Uncontrolled term G-Che
942 ## - ADDED ENTRY ELEMENTS (KOHA)
Source of classification or shelving scheme Dewey Decimal Classification
Koha item type Books
Holdings
Withdrawn status Lost status Damaged status Not for loan Collection Home library Current library Shelving location Date acquired Source of acquisition Coded location qualifier Total checkouts Full call number Barcode Date last seen Copy number Price effective from Koha item type Public note
          Dr. Suryya Kumar Bhuyan Library Dr. Suryya Kumar Bhuyan Library   01/02/2012 20 00000   540 Mu 92 In 492/Che 13/01/2024 1 01/02/2012 Books 20

Designed and Maintained by Team SKBL
©1901-2026

Powered by Koha